Carbon in the galaxy-studies from earth and space (Record no. 12706)
[ view plain ]
| 000 -LEADER | |
|---|---|
| fixed length control field | 00951nam a2200217Ia 4500 |
| 003 - CONTROL NUMBER IDENTIFIER | |
| control field | IN-BaIIA |
| 008 - FIXED-LENGTH DATA ELEMENTS--GENERAL INFORMATION | |
| fixed length control field | 211028s9999 xx 000 0 eng d |
| 040 ## - CATALOGING SOURCE | |
| Transcribing agency | IIA Library |
| 080 ## - UNIVERSAL DECIMAL CLASSIFICATION NUMBER | |
| Universal Decimal Classification number | 524.6-36 |
| Item number | NASA |
| 111 ## - MAIN ENTRY--MEETING NAME | |
| Meeting name or jurisdiction name as entry element | Meeting on Carbon in the Galaxy-Studies from Earth and Space |
| Location of meeting | California |
| Date of meeting or treaty signing | 1987 Nov. 5-6 |
| 9 (RLIN) | 22248 |
| 245 #0 - TITLE STATEMENT | |
| Title | Carbon in the galaxy-studies from earth and space |
| Remainder of title | Invited papers from a meeting held in Moffett Field, California, November 5-6, 1987 |
| Statement of responsibility, etc. | edited by Jill C. Tarter, Sherwood Chang and Doug J. Defrees |
| 260 ## - PUBLICATION, DISTRIBUTION, ETC. | |
| Place of publication, distribution, etc. | USA |
| Name of publisher, distributor, etc. | National Aeronautics and Space Administration |
| Date of publication, distribution, etc. | 1990 |
| 300 ## - PHYSICAL DESCRIPTION | |
| Extent | xviii, 343p. |
| 490 ## - SERIES STATEMENT | |
| Series statement | NASA conference publication; 3061 |
| 650 ## - SUBJECT ADDED ENTRY--TOPICAL TERM | |
| Topical term or geographic name entry element | Carbon compounds |
| 9 (RLIN) | 22249 |
| 650 ## - SUBJECT ADDED ENTRY--TOPICAL TERM | |
| Topical term or geographic name entry element | Galaxy |
| 9 (RLIN) | 3368 |
| 700 ## - ADDED ENTRY--PERSONAL NAME | |
| Personal name | Chang, Sherwood, ed. |
| 9 (RLIN) | 22250 |
| 700 ## - ADDED ENTRY--PERSONAL NAME | |
| Personal name | Defrees, Doug J., ed. |
| 9 (RLIN) | 22251 |
| 710 ## - ADDED ENTRY--CORPORATE NAME | |
| Corporate name or jurisdiction name as entry element | National Aeronautics Space Administration |
| 9 (RLIN) | 22252 |
| 942 ## - ADDED ENTRY ELEMENTS (KOHA) | |
| Koha item type | Books |
| Withdrawn status | Lost status | Damaged status | Not for loan | Home library | Current library | Shelving location | Date acquired | Total Checkouts | Full call number | Barcode | Date last seen | Price effective from | Koha item type |
|---|---|---|---|---|---|---|---|---|---|---|---|---|---|
| IIA Library-Bangalore | IIA Library-Bangalore | General Stacks | 08/10/1998 | 524.6-36/ NASA | 13623 | 05/11/2021 | 08/10/1998 | Books |